000 01309nam0a22003371 4500
001 RU\INFOCOMM_327\NLR\5000053896
005 20250613111508.0
010 _97870 экз.
_a5-03-000072-0
035 _a(NLR Aleph) 009589213
090 _a9240173
_c9240173
100 _a20130311d1989 |||y0rusy50 ca
101 1 _aeng
_crus
102 _aRU
105 _ay z |||||
200 1 _aMicroelectronics devices and fundamentals of their design
_fI. Nikolayev, N. Filinyuk
_gTransl. from the Russ. by Prof. S. R. Jawalekar
205 _aRev. from the 1979 Russ. ed.
210 _aM.
_cMir
_d1989
215 _a340 с.
_cил.
_d22 см
300 _aВ вып. дан.: Микроэлектронные устройства и основы их проектирования / Игорь Моисеевич Николаев, Николай Антонович Филинюк
320 _aБиблиогр.: с. 339-340
620 _aМосква
686 _aЗ844.1-02
_2rubbk
700 1 _9z01790
_aNikolaev
_bI. M.
_gIgor' Moiseevič
701 1 _9z02790
_aFilinjuk
_bN. A.
_gNikolaj Antonovič
790 1 _9z01700
_aNikolayev
_bI.
_4070
790 1 _9z02701
_aFilinyuk
_bN.
_4070
801 1 _aRU
_bInfocomm
_c20130311
801 0 _aRU
_bINFOCOMM
_gPSBO
852 _aNLR
_jТ95 Д-5/504
942 _cBOOK
980 _aNB